Vernunft und Erkenntnis: die philosophie F.H. Jacobis

Vernunft und Erkenntnis, que se traduce al español como “Razón y entendimiento”, es un estudio pormenorizado del pensamiento del filósofo alemán Friedrich Heinrich Jacobi. Se abordan las nociones de realismo e idealismo, el teoreticismo kantiano, el significado del tiempo y el espacio, la sistematiz...

全面介紹

Guardado en:
書目詳細資料
主要作者: Baum, Günther
格式: 圖書
語言:Undetermined
出版: Bonn, Alemania H. Bouvier 1969
主題:
標簽: 添加標簽
沒有標簽, 成為第一個標記此記錄!

MARC

LEADER 00000nam a2200000Ia 4500
008 170316s9999 xx 000 0 und d
040 |a cru BVZT 
090 |a 100 B-17.1v 
100 |a Baum, Günther  |9 1943 
245 |a Vernunft und Erkenntnis: die philosophie F.H. Jacobis  |c / Baum Günther 
260 |a Bonn, Alemania  |b H. Bouvier  |c 1969 
300 |a 204 páginas 
520 |a Vernunft und Erkenntnis, que se traduce al español como “Razón y entendimiento”, es un estudio pormenorizado del pensamiento del filósofo alemán Friedrich Heinrich Jacobi. Se abordan las nociones de realismo e idealismo, el teoreticismo kantiano, el significado del tiempo y el espacio, la sistematización propia de la teoría del entendimiento, la teología, entre otros temas 
650 |a FILOSOFÍA  |9 5 
999 |c 15650  |d 15650 
942 |c 15 D  |h 100 B-17.1v  |2 z